<?xml version="1.0" encoding="UTF-8"?>
<record
    xmlns:xsi="http://www.w3.org/2001/XMLSchema-instance"
    xsi:schemaLocation="http://www.loc.gov/MARC21/slim http://www.loc.gov/standards/marcxml/schema/MARC21slim.xsd"
    xmlns="http://www.loc.gov/MARC21/slim">

  <leader>01705nam a22001817a 4500</leader>
  <controlfield tag="005">20161212103940.0</controlfield>
  <controlfield tag="008">161212b        xxu||||| |||| 00| 0 eng d</controlfield>
  <datafield tag="040" ind1=" " ind2=" ">
    <subfield code="a">ANE</subfield>
  </datafield>
  <datafield tag="041" ind1=" " ind2=" ">
    <subfield code="a">Es</subfield>
  </datafield>
  <datafield tag="082" ind1=" " ind2=" ">
    <subfield code="a">TV-4632</subfield>
  </datafield>
  <datafield tag="100" ind1=" " ind2=" ">
    <subfield code="a">Rodr&#xED;guez, Jorge</subfield>
    <subfield code="e">coordinador nacional de la Comisi&#xF3;n Anticorrupci&#xF3;n</subfield>
  </datafield>
  <datafield tag="245" ind1=" " ind2=" ">
    <subfield code="a">Jorge Rodr&#xED;guez: ninguna instituci&#xF3;n entrega documentaci&#xF3;n por temor a represalias </subfield>
  </datafield>
  <datafield tag="260" ind1=" " ind2=" ">
    <subfield code="a">Quito</subfield>
    <subfield code="b">Ecuavisa</subfield>
    <subfield code="c">2016-12-09</subfield>
  </datafield>
  <datafield tag="300" ind1=" " ind2=" ">
    <subfield code="a">p.</subfield>
  </datafield>
  <datafield tag="520" ind1=" " ind2=" ">
    <subfield code="a">El coordinador nacional de la Comisi&#xF3;n Anticorrupci&#xF3;n, Jorge Rodr&#xED;guez, al comentar la Convenci&#xF3;n de las Naciones Unidas contra la Corrupci&#xF3;n, dijo que en Ecuador se vive una realidad distinta a la que plantea las Naciones Unidas al mundo. "En Ecuador no hay ning&#xFA;n organismo del sector p&#xFA;blico que tenga independencia, y el ente encargado de esa lucha, el Consejo de Participaci&#xF3;n Ciudadana ha olvidado esa atribuci&#xF3;n que le otorga la propia Constituci&#xF3;n de la Rep&#xFA;blica". Refiri&#xF3; que los grupos sociales que est&#xE1;n dolidos por lo que pasa en el pa&#xED;s y ante la falta de una verdadera lucha contra la corrupci&#xF3;n, se organizaron y decidieron conformar la Comisi&#xF3;n Anticorrupci&#xF3;n para que se cumpla lo establecido en la Constituci&#xF3;n. Lamento que en la actualidad no hay una instituci&#xF3;n p&#xFA;blica que se atreva a entregar documentaci&#xF3;n porque tiene el miedo de que d&#xE9; m&#xE1;s arriba les halen las orejas.</subfield>
  </datafield>
  <datafield tag="650" ind1=" " ind2=" ">
    <subfield code="a">incumplimiento Ley/Comisi&#xF3;n Anticorrupci&#xF3;n/Ecuavisa/Convenci&#xF3;n Naciones Unidas/contra Corrupci&#xF3;n/no cumple Ecuador/sector p&#xFA;blico no independencia/Consejo Participaci&#xF3;n Ciudadana/Constituci&#xF3;n Rep&#xFA;blica/ instituci&#xF3;n p&#xFA;blica/atreva entregar documentaci&#xF3;n/temor/</subfield>
  </datafield>
  <datafield tag="942" ind1=" " ind2=" ">
    <subfield code="2">ddc</subfield>
    <subfield code="c">VM</subfield>
    <subfield code="z">IES.</subfield>
  </datafield>
  <datafield tag="999" ind1=" " ind2=" ">
    <subfield code="c">35934</subfield>
    <subfield code="d">35934</subfield>
  </datafield>
  <datafield tag="952" ind1=" " ind2=" ">
    <subfield code="0">0</subfield>
    <subfield code="1">0</subfield>
    <subfield code="2">ddc</subfield>
    <subfield code="4">0</subfield>
    <subfield code="7">0</subfield>
    <subfield code="a">AN01</subfield>
    <subfield code="b">AN01</subfield>
    <subfield code="d">2016-12-12</subfield>
    <subfield code="o">TV-4632</subfield>
    <subfield code="p">TV-4632</subfield>
    <subfield code="r">2016-12-12</subfield>
    <subfield code="w">2016-12-12</subfield>
    <subfield code="y">VM</subfield>
  </datafield>
</record>
